| 000 | 00494nam a2200157 a 4500 | ||
|---|---|---|---|
| 001 | 000015907 | ||
| 005 | 20200929164210.0 | ||
| 008 | 100222s1912 dr 000 | spa d | ||
| 040 |
_aDO-SdBNP _bspa _cBNPHU |
||
| 082 |
_axxx _bS211p |
||
| 100 | 1 |
_aSánchez, Eladio _935784 |
|
| 245 | 1 | 0 |
_aProyecto de ley sobre partición de terrenos comuneros / _cEladio Sánchez. |
| 260 |
_aSanto Domingo : _bImprenta la Cuna de América; _bVda. de Roques, _c1912. |
||
| 300 |
_a39 p. ; _c18 cm. |
||
| 049 | _aBNPD | ||
| 999 |
_c15449 _d15449 |
||